Statistics for Arctic Monkeys Lyrics - Matador

Click here to take the quiz!

General Stats

  • This quiz has been taken 12 times
  • The average score is 41 of 73

Answer Stats

Lyrics% Correct
A
100%
a
100%
A
100%
matador
100%
the
100%
the
100%
the
100%
the
100%
was
100%
was
100%
on
88%
She
88%
and
75%
and
75%
and
75%
for
75%
not
75%
be
63%
be
63%
but
63%
he
63%
He
63%
where
63%
who
63%
with
63%
you
63%
your
63%
your
63%
you're
63%
cleaver
50%
from
50%
girl
50%
girl
50%
gone
50%
If
50%
long
50%
might
50%
out
50%
smitten
50%
smitten
50%
Smitten,
50%
There's
50%
very
50%
won't
50%
amongst
38%
bitten
38%
blood
38%
bullring
38%
chin
38%
day
38%
didn't
38%
dilemma
38%
forever
38%
get
38%
he'll
38%
make
38%
marrying
38%
nowhere,
38%
regret
38%
rescue
38%
several
38%
she'll
38%
sitting,
38%
son
38%
soon
38%
still
38%
stood
38%
Sulking
38%
terrible
38%
tongue
38%
weather
38%
you've
38%
ones
25%

Score Distribution

Percentile by Number Answered

Percent of People with Each Score

Your Score History

You have not taken this quiz